WWE Men's Singles Champions (2010s) - Statistics

General Stats
  • This quiz has been taken 81 times
  • The average score is 73 of 96
Answer Stats
# Last Champion % Correct
3 2016 Roman Reigns
100%
1 2018 Roman Reigns
100%
1 2018 Roman Reigns
100%
1 2017 Roman Reigns
100%
8 2017 John Cena
97%
1 2013 John Cena
97%
2 2015 John Cena
97%
2 2016 Seth Rollins
95%
2 2019 Seth Rollins
95%
2 2018 Seth Rollins
95%
1 2015 Seth Rollins
95%
2 2020 Brock Lesnar
93%
3 2019 Brock Lesnar
93%
1 2019 Kofi Kingston
92%
3 2012 Kofi Kingston
92%
2 2013 Kofi Kingston
92%
1 2011 Rey Mysterio
92%
1 2010 Rey Mysterio
92%
2 2019 Rey Mysterio
92%
1 2016 Dean Ambrose
90%
3 2019 Dean Ambrose
90%
1 2014 Dean Ambrose
90%
1 2011 The Miz
90%
8 2018 The Miz
90%
2 2010 The Miz
90%
1 2010 The Undertaker
90%
4 2017 Randy Orton
88%
1 2013 Randy Orton
88%
1 2018 Randy Orton
88%
1 2016 Triple H
88%
2 2013 Dolph Ziggler
87%
6 2018 Dolph Ziggler
87%
2 2017 Dolph Ziggler
87%
2 2011 Edge
87%
2 2018 AJ Styles
85%
3 2019 AJ Styles
85%
2 2013 CM Punk
85%
4 2019 Daniel Bryan
85%
1 2011 Daniel Bryan
85%
1 2015 Daniel Bryan
85%
1 2011 Daniel Bryan
85%
1 2014 Big E
83%
1 2010 Kane
83%
2 2013 Big Show
82%
1 2012 Big Show
82%
1 2016 Finn Bálor
82%
2 2019 Finn Bálor
82%
1 2017 Kevin Owens
82%
2 2016 Kevin Owens
82%
3 2017 Kevin Owens
82%
1 2017 Bray Wyatt
80%
1 2020 Bray Wyatt
80%
2 2012 Cody Rhodes
80%
1 2010 Drew McIntyre
80%
3 2015 Sheamus
80%
1 2012 Sheamus
80%
2 2014 Sheamus
80%
2 2011 Alberto Del Rio
77%
2 2013 Alberto Del Rio
77%
2 2016 Alberto Del Rio
77%
1 2013 The Rock
77%
1 2010 Batista
75%
1 2017 Goldberg
75%
1 2018 Jeff Hardy
75%
1 2010 Chris Jericho
73%
2 2017 Chris Jericho
73%
2 2011 Christian
73%
1 2010 Christian
73%
1 2012 Christian
73%
1 2017 Jinder Mahal
73%
1 2018 Jinder Mahal
73%
1 2011 Mark Henry
70%
2 2019 Bobby Lashley
67%
3 2019 Rusev
63%
1 2020 Shinsuke Nakamura
62%
2 2019 Shinsuke Nakamura
62%
1 2010 Jack Swagger
60%
1 2012 Jack Swagger
60%
5 2015 Wade Barrett
60%
1 2015 Ryback
53%
2 2019 R-Truth
52%
1 2010 Ezekiel Jackson
50%
1 2011 Ezekiel Jackson
50%
1 2016 Zack Ryder
50%
1 2012 Zack Ryder
50%
1 2017 Baron Corbin
48%
1 2013 Curtis Axel
47%
1 2014 Luke Harper
47%
2 2019 Samoa Joe
45%
1 2013 Cesaro
43%
1 2018 Bobby Roode
40%
1 2019 Ricochet
40%
1 2012 Santino Marella
40%
1 2020 Andrade
38%
2 2016 Kalisto
38%
1 2010 Bret Hart
33%
No matching quizzes found
Score Distribution
Percent of People with Each Score
Percentile by Number Answered
Your Score History
You have not taken this quiz